La calidad en la educación primaria : (Record no. 68185)

MARC details
000 -LEADER
campo de control de longitud fija 00549nam a2200193 4500
001 - NÚMERO DE CONTROL
campo de control 15398
005 - FECHA Y HORA DE LA ÚLTIMA TRANSACCIÓN
campo de control 20230410123921.0
008 - DATOS DE LONGITUD FIJA--INFORMACIÓN GENERAL
campo de control de longitud fija 060907n1997 dr spa
020 ## - NÚMERO INTERNACIONAL ESTÁNDAR DEL LIBRO
Número Internacional Estándar del Libro 9681650727
035 ## - NÚMERO DE CONTROL DEL SISTEMA
-- funglode15525
041 ## - CÓDIGO DE IDIOMA
Código de lengua del texto/banda sonora o título independiente ES
050 14 - SIGNATURA TOPOGRÁFICA DE LA BIBLIOTECA DEL CONGRESO
Número de clasificación LA 424 S985c 1997
100 ## - ENTRADA PRINCIPAL--NOMBRE DE PERSONA
Nombre de persona Schmelkes, Sylvia
245 13 - MENCIÓN DEL TÍTULO
Título La calidad en la educación primaria :
Resto del título un estudio de caso /
Mención de responsabilidad, etc. Sylvia Schmelkes [e.al.]
260 ## - PUBLICACIÓN, DISTRIBUCIÓN, ETC.
Lugar de publicación, distribución, etc. México :
Nombre del editor, distribuidor, etc. Fondo de Cultura Económica,
Fecha de publicación, distribución, etc. 1997
300 ## - DESCRIPCIÓN FÍSICA
Extensión 170 p.
700 ## - ENTRADA AGREGADA--NOMBRE PERSONAL
Nombre de persona Noriaga, Carmen
942 ## - ELEMENTOS DE ENTRADA SECUNDARIOS (KOHA)
Fuente del sistema de clasificación o colocación Clasificación de Library of Congress
Tipo de ítem Koha
Holdings
Estatus retirado Estado de pérdida Fuente del sistema de clasificación o colocación Estado de daño No para préstamo Colección Biblioteca de origen Biblioteca actual Ubicación en estantería Fecha de adquisición Serial enumeration / chronology Signatura topográfica completa Código de barras Visto por última vez Tipo de ítem Koha
    Clasificación de Library of Congress     Humanidades Biblioteca Juan Bosch Biblioteca Juan Bosch Humanidades (4to. Piso) 25/10/2018 1 LA 424 S985c 1997 00000004389 25/10/2018